|
|
|
|
| LEADER |
00000nta a2200000 i 4500 |
| 001 |
dolg34095 |
| 005 |
20220628094318.0 |
| 008 |
210709suuuu hu om 000 hun d |
| 040 |
|
|
|a BGE Dolgozattár Repozitórium
|b hun
|
| 041 |
|
|
|a hu
|
| 100 |
1 |
|
|a Székely Orsolya
|
| 245 |
1 |
0 |
|a Háztartáson kívüli étkezési szokások és ebből adódó marketing lehetőségek vizsgálata, különös tekintettel a hallgatók célcsoportjára
|c Székely Orsolya
|h [elektronikus dokumentum]
|
| 695 |
|
|
|a Étkezési szokások
|
| 695 |
|
|
|a Kérdőíves felmérés
|
| 700 |
1 |
|
|a Nincs adat Nincs adat
|e ths
|
| 856 |
4 |
0 |
|u http://dolgozattar.uni-bge.hu/34095/1/D_16216_HXNU1V%20-%20Sz%C3%A9kely%20Orsolya.pdf
|z Dokumentum-elérés
|